Cities by AI Generated Imagery - Statistics

General Stats
  • This quiz has been taken 142 times
  • The average score is 23 of 40
Answer Stats
Picture Answer % Correct
San Francisco
97%
Tokyo
96%
Dubai
81%
Athens
79%
Amsterdam
75%
Berlin
75%
Hong Kong
74%
Singapore
74%
Paris
73%
Rio De Janeiro
71%
Cairo
70%
Sydney
67%
London
66%
Moscow
66%
New York
66%
Rome
66%
Istanbul
62%
Seoul
62%
Toronto
60%
Barcelona
59%
Mumbai
56%
Buenos Aires
55%
Ulaanbaatar
55%
Cape Town
53%
Delhi
53%
Kuala Lumpur
53%
Shanghai
53%
Taipei
51%
Havana
48%
Manila
48%
Kabul
40%
Vancouver
40%
Dakar
38%
Nairobi
38%
Glasgow
37%
Marrakesh
34%
Dublin
33%
Mexico City
33%
Astana
32%
Auckland
32%
No matching quizzes found
Score Distribution
Percent of People with Each Score
Percentile by Number Answered
Your Score History
You have not taken this quiz